I Semana de Cine Griego : (Record no. 190682)

MARC details
000 -LEADER
campo de control de longitud fija 00944nam a2200229 i 4500
001 - NÚMERO DE CONTROL
campo de control 190682
003 - IDENTIFICADOR DE NÚMERO DE CONTROL
campo de control ES-MaACL
005 - FECHA Y HORA DE LA ÚLTIMA TRANSACCIÓN
campo de control 20250814085838.0
008 - DATOS DE LONGITUD FIJA--INFORMACIÓN GENERAL
campo de control de longitud fija 220509s1965 sp a 100 0 spa d
080 ## - NÚMERO DE LA CLASIFICACIÓN DECIMAL UNIVERSAL
Número de la Clasificación Decimal Universal 791(460)
245 00 - MENCIÓN DEL TÍTULO
Título I Semana de Cine Griego :
Resto del título mes de mayo de 1965 : programa /
Mención de responsabilidad, etc. Ateneo de Madrid, Cine Club ; organizada con la colaboración de la Embajada Real de Grecia en España ; [introducción a la Semana, Luis Quesada, director del Cine-Club].
246 3# - FORMA VARIANTE DEL TITULO
Título propio/Titulo breve Primera Semana de Cine Griego
260 ## - PUBLICACIÓN, DISTRIBUCIÓN, ETC.
Lugar de publicación, distribución, etc. [Madrid :
Nombre del editor, distribuidor, etc. Ateneo de Madrid,
Fecha de publicación, distribución, etc. 1965]
300 ## - DESCRIPCIÓN FÍSICA
Extensión 16 p. :
Otras características físicas il. ;
Dimensiones 25 cm +
Material acompañante/anejo [4] p.
594 ## - Nota al título y mención de responsabilidad
Nota al título y mención de responsabilidad En contracub.: Salón de Actos del Ateneo de Madrid. Sesiones: 10,30 noche
650 #7 - PUNTO DE ACCESO ADICIONAL DE MATERIA--TÉRMINO DE MATERIA
Término de materia o nombre geográfico como elemento de entrada Cine-
Subdivisión geográfica Grecia
Fuente del encabezamiento o término
9 (RLIN) 174425
650 #4 - PUNTO DE ACCESO ADICIONAL DE MATERIA--TÉRMINO DE MATERIA
Término de materia o nombre geográfico como elemento de entrada Cine-
Subdivisión geográfica España-
Subdivisión cronológica 1939-1975.
9 (RLIN) 11026
700 1# - ENTRADA AGREGADA--NOMBRE PERSONAL
Nombre de persona Quesada, Luis
9 (RLIN) 174426
710 2# - ENTRADA AGREGADA--NOMBRE DE ENTIDAD CORPORATIVA
Nombre de entidad corporativa o nombre de jurisdicción como elemento de entrada Ateneo de Madrid.
9 (RLIN) 1875
852 4# - LOCALIZACIÓN
Ubicación ES-MaACL
Número de control de estantería 2342-F-34
Holdings
Estatus retirado Estado de pérdida Estado de daño No para préstamo Colección Biblioteca de origen Biblioteca actual Ubicación en estantería Fecha de adquisición Fuente de adquisición Total de préstamos Signatura topográfica completa Código de barras Visto por última vez Precio de reemplazo Tipo de ítem Koha
        Colección de folletos Biblioteca del Ateneo de Madrid Biblioteca del Ateneo de Madrid Depósito folletos 09/05/2022     2342-F-34 1202915 23/02/2023 23/02/2023 Folleto